El derecho a la defensa penitenciaria en Chile: cuando no hay derecho = The Right to in Prison Defense in Chile : when there is no Right

La población penal tiene necesidades jurídicas específicas. Mientras varias de estas guardan relación con cuestiones judiciales propias del encierro, otras se vinculan a materias de índole personal. Cualquiera sea la naturaleza de estas necesidades, estas deberían ser atendidas por la defensoría pen...

Full description

Saved in:  
Bibliographic Details
Authors: Carvacho Traverso, Pablo (Author) ; Valdés Riesco, Amalia (Author) ; Mateo Piñones, Mariel (Author)
Format: Electronic Article
Language:Spanish
Published: 2021
In: Política criminal
Year: 2021, Volume: 16, Issue: 31, Pages: 254-283
Online Access: Volltext (kostenfrei)
Volltext (kostenfrei)
Volltext (kostenfrei)
Check availability: HBZ Gateway
Keywords:

MARC

LEADER 00000caa a22000002c 4500
001 1851553983
003 DE-627
005 20230816101730.0
007 cr uuu---uuuuu
008 230704s2021 xx |||||o 00| ||spa c
024 7 |a 10.4067/S0718-33992021000100254  |2 doi 
035 |a (DE-627)1851553983 
035 |a (DE-599)KXP1851553983 
040 |a DE-627  |b ger  |c DE-627  |e rda 
041 |a spa 
084 |a 2,1  |2 ssgn 
100 1 |a Carvacho Traverso, Pablo  |e VerfasserIn  |4 aut 
245 1 3 |a El derecho a la defensa penitenciaria en Chile  |b cuando no hay derecho = The Right to in Prison Defense in Chile : when there is no Right  |c Pablo Carvacho Traverso, Amalia Valdés Riesco, Mariel Mateo Piñones 
246 3 1 |a The Right to in Prison Defense in Chile  |b when there is no Right 
264 1 |c 2021 
300 |b Diagramme 
336 |a Text  |b txt  |2 rdacontent 
337 |a Computermedien  |b c  |2 rdamedia 
338 |a Online-Ressource  |b cr  |2 rdacarrier 
500 |a Literaturverzeichnis: Seite 282-283 
520 |a La población penal tiene necesidades jurídicas específicas. Mientras varias de estas guardan relación con cuestiones judiciales propias del encierro, otras se vinculan a materias de índole personal. Cualquiera sea la naturaleza de estas necesidades, estas deberían ser atendidas por la defensoría penal penitenciaria, servicio especializado de la Defensoría Penal Pública (DPP). Este artículo presenta algunos de los resultados obtenidos de un extenso trabajo de campo con metodología mixta en cárceles y oficinas de defensa penitenciaria de seis regiones de Chile, en donde se realizaron 766 observaciones no participantes de primeras entrevistas en los penales, 616 análisis de carpetas y del Sistema Informático de Gestión de Defensa Penal (SIGDP), 19 entrevistas a funcionarios de Gendarmería y Defensores penitenciarios, 9 grupos focales con internos e internas de ocho penales, encuesta de validación de resultados a 92 defensores y trabajadores sociales de la defensa penitenciaria del país y panel de expertos, con el fin de proveer una radiografía de la defensa penitenciaria en Chile. Los resultados muestran cómo el ejercicio de la defensa penitenciaria se ve limitada por una serie de factores, pero especialmente por la superposición de culturas, prácticas y normas institucionales diversas. Se afirma que esta situación se mantendrá mientras no exista un derecho penitenciario que regule las expectativas y prácticas institucionales en conflicto. Esta ausencia de derecho, se expone, termina dejando al arbitrio y discrecionalidad de autoridades administrativas la defensa efectiva de los derechos de las personas privadas de libertad. 
520 |a The prison population has specific legal needs. While several of these needs are judicial in nature, others are related to personal issues. Whatever the nature of these needs, they should be addressed by the Penitentiary Public Defender's Office, a specialized service of the Public Defender's Office. This article presents the findings obtained from an extensive fieldwork in prisons and penitentiary defense offices in six Chilean regions, with 766 non-participant observations of first interviews in prisons, 616 analysis of folders and of the Computer System of Criminal Defense Management (SIGDP), 19 interviews with Gendarmerie officials and prison defenders, 9 focus groups with prisoners from eight jails, a survey to validate results with 92 responses of defenders and social workers of the penitentiary offices, and a panel of experts, in order to provide an X-ray of the prison defense in Chile. The results show how the exercise of prison defense is limited by a number of factors, but especially, by the overlap of diverse institutional cultures, practices and norms. It is argued that as long as there is no prison law that regulates conflicting institutional expectations and practices, this problem will continue. The absence of law leaves the effective defense of convicts’ rights to the discretion of administrative authorities. 
650 4 |a Culturas institucionales 
650 4 |a Cárceles 
650 4 |a Defensa penitenciaria 
650 4 |a Derecho penitenciario 
650 4 |a Gendarmería 
650 4 |a Institutional cultures 
650 4 |a Penitentiary defense 
650 4 |a Prisons 
650 4 |a Prison’s Office 
650 4 |a Prison’s law 
700 1 |a Valdés Riesco, Amalia  |e VerfasserIn  |4 aut 
700 1 |a Mateo Piñones, Mariel  |e VerfasserIn  |4 aut 
773 0 8 |i Enthalten in  |t Política criminal  |d Santiago de Chile : Centro, 2006  |g 16(2021), 31, Seite 254-283  |h Online-Ressource  |w (DE-627)525475214  |w (DE-600)2272445-X  |w (DE-576)264425804  |x 0718-3399  |7 nnas 
773 1 8 |g volume:16  |g year:2021  |g number:31  |g pages:254-283 
856 4 0 |u http://www.scielo.cl/scielo.php?script=sci_abstract&pid=S0718-33992021000100254&lng=en&nrm=iso&tlng=es  |x Verlag  |z kostenfrei  |3 Volltext  |7 0 
856 4 0 |u https://doi.org/10.4067/S0718-33992021000100254  |x Resolving-System  |z kostenfrei  |3 Volltext  |7 0 
856 4 0 |u https://www.scielo.cl/pdf/politcrim/v16n31/0718-3399-politcrim-16-31-254.pdf  |q application/pdf  |x Verlag  |z kostenfrei  |3 Volltext  |7 0 
951 |a AR 
ELC |a 1 
LOK |0 000 xxxxxcx a22 zn 4500 
LOK |0 001 4348169543 
LOK |0 003 DE-627 
LOK |0 004 1851553983 
LOK |0 005 20230816101730 
LOK |0 008 230704||||||||||||||||ger||||||| 
LOK |0 040   |a DE-21-110  |c DE-627  |d DE-21-110 
LOK |0 092   |o n 
LOK |0 852   |a DE-21-110 
LOK |0 852 1  |9 00 
LOK |0 935   |a krzo 
LOK |0 939   |a 04-07-23  |b l01 
OAS |a 1 
ORI |a SA-MARC-krimdoka001.raw